Central Library OPAC University of Rajshahi

লোক-সাহিত্যে ছড়া / (Record no. 41308)

MARC details
000 -LEADER
fixed length control field 00925nam a2200241 a 4500
001 - CONTROL NUMBER
control field 41308
003 - CONTROL NUMBER IDENTIFIER
rucl marc code BD-RjUL
005 - DATE AND TIME OF LATEST TRANSACTION
control field 20211209053349.0
008 - FIXED-LENGTH DATA ELEMENTS--GENERAL INFORMATION
fixed length control field 160528s1968 bg ||||| |||| 00| 0 ben d
020 ## - INTERNATIONAL STANDARD BOOK NUMBER
Terms of availability : IRs 6.00
035 ## - SYSTEM CONTROL NUMBER
System control number (BD-RjUL)41425
040 ## - CATALOGING SOURCE
Original cataloging agency BD-RjUL
Language of cataloging ben
Transcribing agency BD-RjUL
041 ## - LANGUAGE CODE
Language code of text/sound track or separate title ben
082 ## - DEWEY DECIMAL CLASSIFICATION NUMBER
Edition number 23
Classification number 398
Author mark and year KAL 1968
100 ## - MAIN ENTRY--PERSONAL NAME
Personal name কাসিমপুরী, মোহাম্মদ সিরাজুদ্দীন
9 (RLIN) 123188
245 10 - TITLE STATEMENT
Title লোক-সাহিত্যে ছড়া /
Statement of responsibility, etc. মোহাম্মদ সিরাজুদ্দীন কাসিমপুরী
250 ## - EDITION STATEMENT
Edition statement ২য় সং.
260 ## - PUBLICATION, DISTRIBUTION, ETC. (IMPRINT)
Place of publication, distribution, etc. ঢাকা :
Name of publisher, distributor, etc. আহমদ পাবলিশিং হাউস,
Date of publication, distribution, etc. ১৯৬৮
300 ## - PHYSICAL DESCRIPTION
Pagination [১২], ১৭৭ পৃ. ;
Size ২৩ সেমি.
650 ## - SUBJECT ADDED ENTRY--TOPICAL TERM
Topical term or geographic name as entry element লোক সাহিত্য
9 (RLIN) 127061
Topical term or geographic name as entry element Folk Literature
9 (RLIN) 127062
942 ## - ADDED ENTRY ELEMENTS (KOHA)
Source of classification or shelving scheme Dewey Decimal Classification
Koha item type Books
Holdings
Lost status Source of classification or shelving scheme Damaged status Not for loan Collection code Permanent Location Current Location Shelving location Date acquired Source of acquisition Cost, normal purchase price Total Checkouts Full call number Date last seen Date checked out Copy number Koha item type
  Dewey Decimal Classification     Non-fiction Central Library, University of Rajshahi Central Library, University of Rajshahi   27/06/1970 Pakistan Book Corporate 6.00 1 B 398 KAL 1968 07/06/2023 06/06/2023 C-2 Books
  Dewey Decimal Classification     Non-fiction Central Library, University of Rajshahi Central Library, University of Rajshahi   01/02/1975 Bangla Academy, 5.00   B 398 KAL 1962 08/08/2016   C-3 Books
  Dewey Decimal Classification     Non-fiction Central Library, University of Rajshahi Central Library, University of Rajshahi   01/02/1975 Nowroj kitabistan,Dhaka 5.00   B 398 KAL 1962 08/08/2016   C-4 Books
  Dewey Decimal Classification     Non-fiction Central Library, University of Rajshahi Central Library, University of Rajshahi   23/06/1984 Jatiya Sahitya Prokash, Dhaka 10.00   B 398 KAL 1968 09/08/2016   C-5 Books
  Dewey Decimal Classification     Non-fiction Central Library, University of Rajshahi Central Library, University of Rajshahi   01/02/1975 Nowroj kitabistan,Dhaka 5.00 1 B 398 KAL 1968 07/06/2023 06/06/2023 C-6 Books
  Dewey Decimal Classification     Non-fiction Central Library, University of Rajshahi Central Library, University of Rajshahi   27/06/1970 Pakistan Book Co. 6.00   B 398 KAL 1968 19/09/2016   C-7 Books